[Event "Eastern Asia-ch U10"]
[Site "Tornelo INT"]
[Date "2021.10.30"]
[Round "6"]
[White "Prabhman, Singh Malhotra"]
[Black "Kaliakhmet, Elsultan"]
[Result "1-0"]
[WhiteElo "1100"]
[BlackElo "1295"]
[PlyCount "61"]
[EventDate "2021.10.29"]
[EventType "swiss"]
[EventRounds "9"]
[EventCountry "NET"]
[SourceTitle "EXT 2023"]
[Source "ChessBase"]
[SourceDate "2022.10.05"]
[SourceVersion "1"]
[SourceVersionDate "2022.10.05"]
[SourceQuality "1"]

1. d4 Nf6 2. Bf4 d5 3. e3 e6 4. Nf3 Bd6 5. Bg3 c5 6. c3 Nc6 7. Nbd2 a6 8. Bd3 0-0 9. Ne5 Bxe5 10. dxe5 Nd7 11. Nf3 f6 12. exf6 Nxf6 13. 0-0 Re8 14. Ne5 Nxe5 15. Bxe5 g6 16. Qc2 Nd7 17. f4 Nxe5 18. fxe5 Qg5 19. Qf2 Qe7 20. Qg3 Kh8 21. Rf6 Rg8 22. Raf1 Bd7 23. Rf7 Qd8 24. Qf4 Rg7 25. Rxg7 Kxg7 26. Qf7+ Kh8 27. Rf3 Qe8 28. Qf6+ Kg8 29. Bxg6 hxg6 30. Rh3 Qf8 31. Rh8# 1-0